01638nam a2200409Ia 4500001001200000003000800012006001900020007001500039008004100054010001700095020004300112020004000155020003800195020003500233040002100268035002100289050002300310245013500333246003800468260004000506300002400546490004100570504006800611533015200679600002000831650003800851650001600889650002300905655002900928700002000957700002100977700002100998710001701019830004901036856012601085999001701211ebr10256733CaPaEBRm u cr cn|||||||||071010s2009 maua sb 011 0deng d z 2007041980 z9780262083799 (hardcover : alk. paper) z0262083795 (hardcover : alk. paper) z9780262582803 (pbk. : alk. paper) z0262582805 (pbk. : alk. paper) aCaPaEBRcCaPaEBR a(OCoLC)31091579814aP201b.N375 2009eb04aThe nature of the wordh[electronic resource] :bstudies in honor of Paul Kiparsky /cedited by Kristin Hanson and Sharon Inkelas.30aStudies in honor of Paul Kiparsky aCambridge, MA :bMIT Press,cc2009. axvi, 750 p. :bill.1 aCurrent studies in linguistics ;v47 aIncludes bibliographical references (p. [697]-742) and indexes. aElectronic reproduction.bPalo Alto, Calif. :cebrary,d2009.nAvailable via World Wide Web.nAccess may be limited to ebrary affiliated libraries.10aKiparsky, Paul. 0aGrammar, Comparative and general. 0aLexicology. 0aWord (Linguistics) 7aElectronic books.2local1 aKiparsky, Paul.1 aHanson, Kristin.1 aInkelas, Sharon.2 aebrary, Inc. 0aCurrent studies in linguistics series ;v47.40uhttp://site.ebrary.com/lib/rucke/Doc?id=10256733zAn electronic book accessible through the World Wide Web; click to view c13366d13366